00687 2200229 4500001002100000005001700021008004100038035002400079082001000103090001700113100002300130245013100153250001000284260002500294300001900319500001100338500003300349650002200382700002300404850001200427990001800439YOGYA-0209000001019920090227022023.0 ind  0010-020900000010199 a297.2 a297.2bBaq M aAL-BAQIR, Muhammad aMutiara nahjul balaghahbwacana dan surat-surat imam Ali R.AcMuhammad Al-Baqir ; penerjemah dan penyunting, Muhammad Al-Baqir aCet.3 aBandungbMizanc1994 a274 hlmc24 cm aIndeks aJudul asli : Najhul balaghah aIman kepada allah aAl-Baqir, Muhammad aYOPDYOG a96004-P/97b1